00327nam a2200121Ia 4500008004100000020002200041041000800063082002200071100002000093245004600113260003700159300000900196230411s9999 xx 000 0 und d a978-93-5152-616-2 aeng aSO/301/PUR/B09402 aPurushothama GS aSociology for Nursing and Health Sciences bJaypee BrothersaNew Delhic2015 a284p